000 00635nam a2200277Ia 4500
005 20260324140421.0
008 008 260324s9999 xx 000 0 eng d
020 _a9780429441745
037 _aEBOOK
040 _aCRL
040 _beng
040 _cCRL
041 _2eng
041 _aeng
084 _qCRL
100 _aHon-Won Jeong
_91204308
245 4 _aThe New Agenda for Peace Research
260 _bTaylor and Francis
260 _c1999
365 _a
365 _b145
856 _uhttp://www.taylorfrancis.com/books/9780429441745
942 _cEBOOK
999 _c1806377
_d1806377